000 00888nam a2200253 i 4500
001 14279
003 ES-MaACL
005 20230906150750.0
007 t|
008 981127s1997 sp ||||1| spa d
020 _a84-7813-161-2
080 _a294.321
100 1 _aShien, Kakuan.
_9106120
245 1 3 _aLa doma del buey
_b: las diez etapas del Despertar /
_csegún el Maestro Zen Kakuan Shien (1100-1200) ; traducción y comentarios del Maestro Zen Dokushô Villalba ; grabados de Tomikichiro Tokuriki.
260 _aMadrid :
_bMiraguano,
_c[1997]
300 _a135 p. :
_bil. ;
_c21 cm.
490 1 _aTextos de la tradición Zen
650 1 4 _aBudismo Zen.
_910639
700 1 _aVillalba, Dokushô.
_9114934
700 1 _aTokuriki, Tomikichiro.
_9110435
830 0 _aTextos de la tradición Zen
_9228499
852 _aES-MaACL
_jL-21562
_bR.126568
999 _c14279
_d14279